000 00501 a2200193 4500
020 _a0201845571
020 _a0201845571
040 _aDLC
_bDLC
082 _a515.9
082 _a515.9
082 _a515.9
100 1 _aWunsch, A. David
245 0 0 _aComplex variables with applications
_cA. David Wunsch
250 _a2. ed.
260 _aReading, Mass. :
_bAddison-Wesley,
_ccop. 1994
300 _axi, 622 s. :
_bill.
650 0 _aFunctions of complex variables
942 _cBK
_k515.9 WUN
_2ddc
999 _c7684
_d7684